| 000 | 00771cam a22002653a 4500 | ||
|---|---|---|---|
| 001 | 21688 | ||
| 003 | PGUSA | ||
| 005 | 20140828083448.0 | ||
| 008 | 070606s2007||||xxu|||||s|||||000 | eng d | ||
| 040 |
_aPGUSA _beng |
||
| 042 | _adc | ||
| 050 | 4 | _aNA | |
| 100 | 1 |
_aButler, Dugald, _d1862-1926 |
|
| 245 | 1 | 0 |
_aScottish Cathedrals and Abbeys _h[electronic resource] / _cDugald Butler |
| 260 |
_bProject Gutenberg, _c2007 |
||
| 506 | _aPublic domain in the USA. | ||
| 516 | _aElectronic text | ||
| 653 | _aAbbeys -- Scotland | ||
| 653 | _aCathedrals -- Scotland | ||
| 653 | _aChurch architecture -- Scotland | ||
| 700 | 1 |
_aStory, Robert Herbert, _d1835-1907 |
|
| 830 | 0 |
_aProject Gutenberg _v21688 |
|
| 856 | 4 | 0 | _uhttp://www.gutenberg.org/ebooks/21688 |
| 942 | _cEB | ||
| 999 |
_c250943 _d250943 |
||